|
|
|
|
| LEADER |
00000nab a2200000 a 4500 |
| 001 |
vtls010111459 |
| 003 |
SK-MaSNL |
| 005 |
20260303201638.0 |
| 008 |
140512c20100511xo dr|n|||||||000 b|slo |
| 015 |
|
|
|a SNBRB2010/07
|2 snkbucl
|
| 038 |
|
|
|a SNKBUCL
|
| 040 |
|
|
|a SNKBUCL
|b slo
|c SNKBUCL
|e AACR2
|
| 041 |
0 |
|
|a slo
|
| 044 |
|
|
|a xo
|c SK
|
| 080 |
|
|
|a 82:929:821.162.4
|2 2001
|
| 080 |
|
|
|a 821.162.4:929
|2 2001
|
| 080 |
|
|
|a 82:06.068
|2 2001
|
| 080 |
|
|
|a 06.068:82
|2 2001
|
| 100 |
1 |
|
|a Balogh, Alexander,
|d 1946-
|4 ivr
|4 aut
|9 173522
|
| 245 |
1 |
0 |
|a U nás doma robím brankárku
|b predstavujeme finalistov 5. ročníka literárnej ceny Anasoft litera
|c Alexander Balogh, Veronika Šikulová
|
| 300 |
|
|
|b Fotogr.
|
| 600 |
1 |
7 |
|a Šikulová, Veronika,
|d 1967-
|2 snkbucl
|9 100923
|
| 611 |
2 |
7 |
|a Anasoft litera (literárna cena)
|y za r. 2010
|2 snkbucl
|9 1227309
|
| 650 |
0 |
7 |
|a literárne ceny
|2 snkbucl
|9 72846
|
| 655 |
|
7 |
|a rozhovory
|2 snkbucl
|9 31831
|
| 700 |
1 |
|
|a Šikulová, Veronika,
|d 1967-
|4 ive
|9 100923
|
| 773 |
0 |
|
|t Sme
|g Roč. 18, č. 106 (11.5.2010)
|x 1335-440X
|
| 773 |
0 |
|
|t Kultúra
|g S. 22
|
| 852 |
|
|
|a SNK
|b KIS3GCP
|
| 856 |
4 |
1 |
|u http://kultura.sme.sk/c/5368845/veronika-sikulova-u-nas-doma-robim-brankarku.html
|
| 958 |
|
|
|a SK
|
| 999 |
|
|
|c 2175239
|d 2177169
|